On the genealogy of Fatimid caliphs : (Record no. 32897)
[ view plain ]
| 000 -LEADER | |
|---|---|
| fixed length control field | 01077nam a22003011 4500 |
| 001 - CONTROL NUMBER | |
| control field | 32897 |
| 003 - CONTROL NUMBER IDENTIFIER | |
| rucl marc code | BD-RjUL |
| 005 - DATE AND TIME OF LATEST TRANSACTION | |
| control field | 20211209051919.0 |
| 008 - FIXED-LENGTH DATA ELEMENTS--GENERAL INFORMATION | |
| fixed length control field | 140429s1958 ua hj 000 0 eng |
| 035 ## - SYSTEM CONTROL NUMBER | |
| System control number | (BD-RjUL)32987 |
| System control number | (OCoLC)2124695 |
| 040 ## - CATALOGING SOURCE | |
| Original cataloging agency | DLC |
| Transcribing agency | UU |
| Modifying agency | NSyU |
| -- | OCoLC |
| -- | DLC |
| -- | BD-RjUL |
| Language of cataloging | eng |
| 041 ## - LANGUAGE CODE | |
| Language code of text/sound track or separate title | eng |
| 082 ## - DEWEY DECIMAL CLASSIFICATION NUMBER | |
| Classification number | 297.964 |
| Author mark and year | ALO 1958 |
| 100 1# - MAIN ENTRY--PERSONAL NAME | |
| Personal name | Al-Hamdānī, Ḥusayn ibn Fayḍ |
| 9 (RLIN) | 100010 |
| 245 10 - TITLE STATEMENT | |
| Title | On the genealogy of Fatimid caliphs : |
| Remainder of title | (statement on Mahdī's communication to the Yemen on the real and esoteric names of his hidden predecessors) / |
| Statement of responsibility, etc. | foreword by Bayard Dodge. |
| 260 ## - PUBLICATION, DISTRIBUTION, ETC. (IMPRINT) | |
| Place of publication, distribution, etc. | Cairo, |
| Date of publication, distribution, etc. | 1958. |
| 300 ## - PHYSICAL DESCRIPTION | |
| Pagination | 22, 14 p. : |
| Illustrations | ill. ; |
| Size | 24 cm. |
| 490 1# - SERIES STATEMENT | |
| Series statement | School of Oriental Studies. Occasional paper, |
| Volume/sequential designation | no. 1 |
| Series statement | Publications of the American University at Cairo. |
| 500 ## - GENERAL NOTE | |
| General note | Added t.p. in Arabic. |
| 504 ## - BIBLIOGRAPHY, ETC. NOTE | |
| Bibliography, etc | Bibliographical footnotes. |
| 600 00 - SUBJECT ADDED ENTRY--PERSONAL NAME | |
| Personal name | ʻUbayd Allāh al-Mahdī, |
| Titles and other words associated with a name | Caliph, |
| Dates associated with a name | 872 or 873-934. |
| 650 #0 - SUBJECT ADDED ENTRY--TOPICAL TERM | |
| Topical term or geographic name as entry element | Fatimites. |
| 9 (RLIN) | 83077 |
| 942 ## - ADDED ENTRY ELEMENTS (KOHA) | |
| Source of classification or shelving scheme | Dewey Decimal Classification |
| Koha item type | Books |
| Lost status | Source of classification or shelving scheme | Damaged status | Not for loan | Collection code | Permanent Location | Current Location | Shelving location | Date acquired | Source of acquisition | Cost, normal purchase price | Total Checkouts | Full call number | Date last seen | Copy number | Koha item type |
|---|---|---|---|---|---|---|---|---|---|---|---|---|---|---|---|
| Dewey Decimal Classification | Not For Loan | Non-fiction | Central Library, University of Rajshahi | Central Library, University of Rajshahi | Reading Room | 10/04/1963 | Zeitlinger | 0.00 | 297.964 ALO 1958 | 29/04/2014 | C-1 | Books |